000
00284 a2200145 4500
001
179311
020
_a
040
_c
Magnum
100
_a
Málus
240
1
0
_a
O bode que pode
_l
por
245
1
0
_a
O bode que pode
362
0
_a
1899
697
_a
MAGNITO: I/ANIMAIS
942
_c
BK
999
_c
179311
_d
179311